| 000 | 01621aam a2200349 i 4500 | ||
|---|---|---|---|
| 999 |
_c46551 _d46551 |
||
| 001 | 768714001 | ||
| 003 | CO-MdFUSB | ||
| 005 | 20240531062743.0 | ||
| 007 | ta | ||
| 008 | 200520t1975 enka|||| |||| 00| 0 eng d | ||
| 020 | _a0002155249 | ||
| 040 |
_bspa. _aCO-MdFUSB _cCO-MdFUSB _dCO-MdFUSBC _erda |
||
| 041 | _aeng | ||
| 082 |
_223 _a261.88 _bM266 |
||
| 110 | _a Church of England. Doctrine Commission. | ||
| 245 | 1 | 0 |
_aMan and nature _c/ editado por Hugh Montefiore |
| 264 | 1 |
_aLondres : _bCollins, _c[1975] |
|
| 264 | 4 | _c© 1975 | |
| 300 |
_a213 páginas _c; 22 cm |
||
| 336 |
_atexto _btxt _2rdacontent |
||
| 337 |
_2rdamedia _asin mediación _bn |
||
| 338 |
_2rdacarrier _avolumen _bnc |
||
| 505 | _aHombre y naturaleza: el grupo de trabajo. - El informe. - Actitudes bíblicas hacia la naturaleza / por John Austin Baker. - Mal natural / por Don Cupitt. - Sobre la supuesta incompatibilidad entre cristianismo y ciencia / por Mary Hesse. - Una visión sacramental de la naturaleza / por AR Peacocke. - La teología de la naturaleza en los Padres orientales y entre los teólogos anglicanos / por AM Allchin. - Sobre "Las raíces históricas de nuestra crisis ecológica" / por AR Peacocke. - Alguna evidencia de otras religiones / compilada por Don Cupitt. - Marxismo, naturaleza y trabajo / por Paul Oestreicher. - Dios y el futuro del hombre / por Don Cupitt. | ||
| 563 | _aPasta dura | ||
| 650 | 7 |
_aCristianismo _2 _922 |
|
| 650 | 0 |
_9145 _aBiblia y ciencia |
|
| 653 | _aEcología. | ||
| 700 |
_93822 _aMontefiore, Hugh. _eeditor |
||
| 942 | _cBK | ||
| 945 | _aJTF-925 | ||